=LDR 00000nam 2200000 4500 =001 NUTBA000000000000584 =005 20230131074545 =035 ##$$a 0010-031400000000583 =008 230131###########################0###### =082 ##$$a 301.412 =090 ##$$b 301.412 =100 ##$$a Hardjito Notopuro =245 1#$$a PERANAN WANITA : $b DALAM MASA PEMBANGUNAN DI INDONESIA /$c Hardjito Notopuro, S.H =250 ##$$a cET.1 =260 ##$$a JAKARTA :$b Balai Aksara,$c 1979 =300 ##$$a 159 Hlm ; $c 21 Cm =084 ##$$a 301.412 HAR p =990 ##$$a 91673/BPAP-NTB/2014